00870cam a22002535i 4500001000500000005001700005020001800022040002300040050001400063082001100077100002600088245005200114250002500166300005800191505000800249520007400257521002500331521002000356700003300376906004500409942001500454999001500469952013200484244420250828152547.0 a9780545731270 aDLCbengerdacDLC aPQ8097.N4 a861.621 aBrown, Monicaeauthor10aPablo Neruda: poet of the people cMonica Brown aPrinted in the U.S.A a32 unnumbered pages :bColor illustrations ; c29 cm  aR  aDescribes the life and times of the Nobel Prize-winning Chilean poet. a740 AD bLexile  aR bRaz-Plus 1 aPaschkis, Julieeillustrator a0bibccorignewd2eepcnf20gy-gencatlg 2ddccBKn0 c2444d2444 00102ddc40708JUVFa002b002cTTP Oranged2023-12-08l0oBRO Fic PQ8097.N4pFISBK05709r2023-12-08 10:23:15w2023-12-08yBK